000 00634nam a2200277Ia 4500
005 20260324112538.0
008 008 260324s9999 xx 000 0 eng d
020 _a9781003323624
037 _aEBOOK
040 _aCRL
040 _beng
040 _cCRL
041 _2eng
041 _aeng
084 _qCRL
100 _aRobert Stewart
_91143145
245 4 _aThe Evolution of Airport Design
260 _bTaylor and Francis
260 _c2024
365 _a
365 _b105
856 _uhttp://www.taylorfrancis.com/books/9781003323624
942 _cEBOOK
999 _c1732395
_d1732395